000 00906cab a2200301 4500
001 ABS52524
008 090401t1995 xxu||||| |||| 00| 0 eng d
035 _a(Sirsi) u83275
041 _aeng
100 _aEdwards, M.
245 _aContaminated land and the common law: the current position
260 _c1995
350 _a0
490 _aEnvironmental Policy and Practice
_v4(4) 1995, 171-176(6)
520 _aIdentifies five areas of tort in English common law which can be applied to questions of contaminated land liability. Quotes from precedent.
650 _aBREACH OF STATUTORY DUTY
650 _aCASELAW
650 _aCONTAMINATED LAND
650 _aLIABILITY
650 _aNEGLIGENCE
650 _aNUISANCE
650 _aRYLANDS V FLETCHER
650 _aTRESPASS
690 _aENVIRONMENTAL AND LAND CONSULTANCY
690 _aLAND
942 _n0
948 _c04/03/1997
999 _c52588
_d52588